000 00976nam a2200253Ia 4500
003 OSt
005 20220923211507.0
006 a|||||r|||| 00| 0
007 ta
008 220922b |||||||| |||| 00| 0 pan d
020 _a9789352312030 (hbk)
_c395
024 _a349,480
037 _b172, 15/02/2019, National Book Shop
_cTextual
040 _aARTS
_cARTS
_bpan
041 _2pan
_apan
082 _aQ8441v, 153Q7
100 _aਰਾਜਪੂਤ, ਸੁਰਿਦਰ ਸਿੰਘ, ਂਚ.
_9157566
245 0 _aਸਿੱਖ ਇਤਿਹਾਸ ਵਿੱਚ ਬ੍ਰਾਹਮਣ ਸਮਾਜ ਦਾ ਯੋਗਦਾਨ
260 _aਪਟਿਆਲਾ
_b ਸੰਗਮ ਪਬਲੀਕੇFਨਗ਼
_c2017
300 _a247ਪ੍ਰ0
_ccm.
650 _aਸਿੱਖ ਧਰਮ
_9156314
942 _hQ8441v, 153Q7
_cTEXL
_2CC
999 _c300118
_d300118